Normal view MARC view
  • Human psychology

Entry Topical Term

Number of records used in: 1

001 - CONTROL NUMBER

  • control field: 88508

003 - CONTROL NUMBER IDENTIFIER

  • control field: OSt

005 - DATE AND TIME OF LATEST TRANSACTION

  • control field: 20220809075748.0

008 - FIXED-LENGTH DATA ELEMENTS

  • fixed length control field: 220809|| aca||aabn | a|a d

040 ## - CATALOGING SOURCE

  • Original cataloging agency: OSt
  • Transcribing agency: OSt

150 ## - HEADING--TOPICAL TERM

  • Topical term or geographic name entry element: Human psychology

670 ## - SOURCE DATA FOUND

  • Source citation: Work cat.: (OSt)48707: Avery,Christopher B. 88507, Team work is individual skill, 2003